| 000 -LEADER |
| fixed length control field |
00558nam a22001937a 4500 |
| 005 - DATE AND TIME OF LATEST TRANSACTION |
| control field |
20210423055944.0 |
| 008 - FIXED-LENGTH DATA ELEMENTS--GENERAL INFORMATION |
| fixed length control field |
210222s1969 ||||| |||| 00| 0 eng d |
| 040 ## - CATALOGING SOURCE |
| Original cataloging agency |
eng |
| Transcribing agency |
DLC |
| 041 ## - LANGUAGE CODE |
| Language code of text/sound track or separate title |
eng |
| Language code of original |
ita |
| 080 ## - UNIVERSAL DECIMAL CLASSIFICATION NUMBER |
| Universal Decimal Classification number |
59 |
| Item number |
G-43 |
| 100 ## - MAIN ENTRY--PERSONAL NAME |
| 9 (RLIN) |
1068 |
| Personal name |
Gianoli, Luigi |
| 245 ## - TITLE STATEMENT |
| Title |
Horses and Horsemanship through the Ages |
| Statement of responsibility, etc. |
/ by: Crown Publishers, Inc |
| 260 ## - PUBLICATION, DISTRIBUTION, ETC. |
| Place of publication, distribution, etc. |
New York |
| Name of publisher, distributor, etc. |
Crown Publishers, Inc |
| Date of publication, distribution, etc. |
1969 |
| 300 ## - PHYSICAL DESCRIPTION |
| Extent |
441 p. |
| Other physical details |
ill. |
| 650 #0 - SUBJECT ADDED ENTRY--TOPICAL TERM |
| 9 (RLIN) |
466 |
| Topical term or geographic name entry element |
Zoology |
| 653 ## - INDEX TERM--UNCONTROLLED |
| Uncontrolled term |
ზოოლოგია |
| 700 ## - ADDED ENTRY--PERSONAL NAME |
| 9 (RLIN) |
1069 |
| Personal name |
Brooks, Iris |
| Relator term |
Translator |
| 942 ## - ADDED ENTRY ELEMENTS (KOHA) |
| Source of classification or shelving scheme |
|
| Koha item type |
Books |